[Event "8. Open Bali sub-2000"]
[Site "Benidorm ESP"]
[Date "2009.11.29"]
[Round "2.1"]
[White "Sirletti, Sonia"]
[Black "Alegret Grino, Amadeu"]
[Result "1/2-1/2"]
[WhiteElo "1898"]
[BlackElo "1998"]
[PlyCount "106"]
[EventDate "2009.11.28"]
[EventType "swiss"]
[EventRounds "10"]
[EventCountry "ESP"]
[Source "lmi"]
[SourceDate "2009.11.28"]

1. d4 Nf6 2. c4 g6 3. Nc3 Bg7 4. e4 d6 5. Nf3 O-O 6. Be2 e5 7. d5 a5 8. Bg5 h6
9. Bh4 Na6 10. Nd2 b6 11. a3 Bd7 12. b3 Qe8 13. Rb1 g5 14. Bg3 Qe7 15. b4 axb4
16. axb4 c6 17. dxc6 Be6 18. Nd5 Bxd5 19. cxd5 Nxe4 20. Nxe4 f5 21. Bxa6 Rxa6
22. f3 fxe4 23. fxe4 Ra2 24. Rc1 Qa7 25. Rf1 Rc8 26. Rf2 Ra4 27. Rb2 Bf6 28.
Qg4 Qc7 29. Bf2 Re8 30. Qf5 Rf8 31. h4 Kg7 32. h5 Kh8 33. Qd7 Bd8 34. Qxc7 Bxc7
35. Be3 Kg7 36. Ke2 Ra3 37. Kd2 Rf7 38. Rc3 Ra1 39. Kd3 b5 40. Rcc2 Ra3+ 41.
Rc3 Ra1 42. Kc2 Kf8 43. Kb3 Ke8 44. Rcc2 Kd8 45. Rf2 Rf1 46. Rxf1 Rxf1 47. Kc3
Rh1 48. g4 Rh3 49. Kd3 Bb6 50. Re2 Rg3 51. Kd2 Bxe3+ 52. Rxe3 Rxg4 53. Rf3 Rf4
1/2-1/2

[Event "8. Open Bali sub-2000"]
[Site "Benidorm ESP"]
[Date "2009.11.29"]
[Round "2.2"]
[White "Cruz Gomez, Isidro"]
[Black "Hoffmann, Roger"]
[Result "0-1"]
[WhiteElo "1894"]
[BlackElo "1998"]
[PlyCount "100"]
[EventDate "2009.11.28"]
[EventType "swiss"]
[EventRounds "10"]
[EventCountry "ESP"]
[Source "lmi"]
[SourceDate "2009.11.28"]

1. d4 Nf6 2. c4 g6 3. Nc3 Bg7 4. e4 d6 5. f4 c6 6. Nf3 a6 7. Be2 b5 8. cxb5
cxb5 9. e5 dxe5 10. dxe5 Nfd7 11. Be3 Bb7 12. O-O O-O 13. Qb3 e6 14. Rad1 Qc7
15. Ng5 Nc5 16. Bxc5 Qxc5+ 17. Kh1 Qe7 18. a3 Nd7 19. Nge4 Nb6 20. Nd6 Bc6 21.
Nce4 f6 22. exf6 Bxf6 23. Nxf6+ Rxf6 24. Bf3 Bxf3 25. Rxf3 Nd5 26. Rxd5 exd5
27. Qxd5+ Kg7 28. Qb7 Qxb7 29. Nxb7 Rc8 30. h3 Rc4 31. Kh2 Rfxf4 32. Re3 Rfe4
33. Rd3 Red4 34. Re3 Rd7 35. Na5 Rc2 36. b4 Ra2 37. Rf3 Rc7 38. Re3 h5 39. h4
Rac2 40. Re6 Ra2 41. Re3 Rcc2 42. Rg3 Rf2 43. Nb7 Rf4 44. Kh3 Rg4 45. Rd3 Rgxg2
46. Rd7+ Kf6 47. Rd6+ Ke5 48. Rxa6 Rh2+ 49. Kg3 Rag2+ 50. Kf3 Rb2 0-1

[Event "8. Open Bali sub-2000"]
[Site "Benidorm ESP"]
[Date "2009.11.29"]
[Round "2.3"]
[White "Catarineu Navines, Federico"]
[Black "Camarasa Escutia, Jose"]
[Result "1-0"]
[WhiteElo "1996"]
[BlackElo "1899"]
[PlyCount "43"]
[EventDate "2009.11.28"]
[EventType "swiss"]
[EventRounds "10"]
[EventCountry "ESP"]
[Source "lmi"]
[SourceDate "2009.11.28"]

1. e4 c5 2. Nc3 Nc6 3. f4 e6 4. Nf3 d5 5. Bb5 a6 6. Bxc6+ bxc6 7. d3 d4 8. Ne2
Nf6 9. b3 g6 10. O-O Bg7 11. Ne5 Qc7 12. Ba3 Nh5 13. Nc4 Qe7 14. Nb6 Rb8 15.
Na4 Rb5 16. e5 Bf8 17. g4 Ng7 18. Nxd4 Qd7 19. Nf3 h5 20. h3 hxg4 21. hxg4 Rh4
22. Nxh4 1-0

[Event "8. Open Bali sub-2000"]
[Site "Benidorm ESP"]
[Date "2009.11.29"]
[Round "2.4"]
[White "Chesa Chavarria, Aurelio"]
[Black "Garrido Fernandez, Javier"]
[Result "0-1"]
[WhiteElo "1892"]
[BlackElo "1996"]
[PlyCount "58"]
[EventDate "2009.11.28"]
[EventType "swiss"]
[EventRounds "10"]
[EventCountry "ESP"]
[Source "lmi"]
[SourceDate "2009.11.28"]

1. d4 Nf6 2. c4 e5 3. dxe5 Ng4 4. Bf4 Nc6 5. Nf3 Bb4+ 6. Nc3 Qe7 7. Rc1 Ngxe5
8. Nxe5 Nxe5 9. a3 Bxc3+ 10. Rxc3 O-O 11. c5 d6 12. cxd6 cxd6 13. e3 Bf5 14.
Bxe5 dxe5 15. Be2 Rfd8 16. Qb3 Qg5 17. O-O Rd2 18. Qxb7 Rad8 19. Bf3 h5 20. Rc7
Bd3 21. Rfc1 e4 22. h4 Qxh4 23. Rxf7 Qxf2+ 24. Kh2 exf3 25. Rxg7+ Kh8 26. Rg3
Bg6 27. Rc7 Rg8 28. Qb3 Qxg3+ 29. Kxg3 Bf7+ 0-1

[Event "8. Open Bali sub-2000"]
[Site "Benidorm ESP"]
[Date "2009.11.29"]
[Round "2.5"]
[White "Kolev, Vasil"]
[Black "Fernandez Garcia, Ignacio"]
[Result "0-1"]
[WhiteElo "1996"]
[BlackElo "1895"]
[PlyCount "112"]
[EventDate "2009.11.28"]
[EventType "swiss"]
[EventRounds "10"]
[EventCountry "ESP"]
[Source "lmi"]
[SourceDate "2009.11.28"]

1. d4 Nf6 2. c4 g6 3. Nc3 Bg7 4. e4 d6 5. f3 O-O 6. Be3 Nc6 7. Nge2 e5 8. d5
Ne7 9. Qd2 Re8 10. O-O-O a6 11. g4 b5 12. Ng3 Nd7 13. cxb5 axb5 14. Bxb5 Ba6
15. Bxd7 Qxd7 16. h4 c6 17. h5 cxd5 18. hxg6 fxg6 19. exd5 Rec8 20. Bh6 Bh8 21.
Be3 Bc4 22. Kb1 Nxd5 23. Nge4 Nxc3+ 24. Nxc3 Ra6 25. b3 Be6 26. Qd3 Qb7 27. Qb5
Qa8 28. Nd5 Bxd5 29. Qxd5+ Qxd5 30. Rxd5 Rf8 31. Bh6 Bg7 32. Rb5 Bxh6 33. Rxh6
Kg7 34. g5 Ra7 35. Rh3 Rf5 36. Rg3 Kf7 37. a4 Ke6 38. a5 e4 39. Rxf5 gxf5 40.
fxe4 fxe4 41. b4 d5 42. Kc2 Ke5 43. Kd2 d4 44. Ra3 Kd5 45. b5 Kc4 46. b6 e3+
47. Ke2 Rf7 48. Ra4+ Kc3 49. a6 Rf2+ 50. Ke1 d3 51. Ra3+ Kd4 52. Ra4+ Ke5 53.
Ra5+ Ke4 54. Ra4+ Kf3 55. a7 d2+ 56. Kd1 Rf1+ 0-1

[Event "8. Open Bali sub-2000"]
[Site "Benidorm ESP"]
[Date "2009.11.29"]
[Round "2.6"]
[White "Woods, Connor"]
[Black "Diez Jover, Alberto"]
[Result "1-0"]
[WhiteElo "1996"]
[BlackElo "1894"]
[PlyCount "73"]
[EventDate "2009.11.28"]
[EventType "swiss"]
[EventRounds "10"]
[EventCountry "ESP"]
[Source "lmi"]
[SourceDate "2009.11.28"]

1. Nf3 Nf6 2. c4 g6 3. g3 Bg7 4. Bg2 O-O 5. Nc3 d6 6. O-O Nbd7 7. Rb1 Re8 8. d3
c6 9. b4 a5 10. b5 c5 11. e4 Rb8 12. h3 b6 13. Nh2 Nf8 14. f4 N6d7 15. Ne2 Ne6
16. g4 Nd4 17. Nf3 e5 18. f5 Rf8 19. Ng3 h6 20. Be3 Nf6 21. Qd2 Kh7 22. Nh2 Ng8
23. Nf3 Nf6 24. Rf2 g5 25. Bxg5 hxg5 26. Nxg5+ Kg8 27. Nf3 Nxf3+ 28. Rxf3 Nh7
29. Nh5 Ng5 30. Rg3 Bh6 31. Kh1 f6 32. h4 Nf7 33. g5 fxg5 34. hxg5 Nxg5 35. f6
Kh7 36. Rf1 Nxe4 37. Bxe4+ 1-0

[Event "8. Open Bali sub-2000"]
[Site "Benidorm ESP"]
[Date "2009.11.29"]
[Round "2.7"]
[White "Garcia Sanchez, Jose Manuel"]
[Black "Lopez Garcia, Francisco Andres"]
[Result "1/2-1/2"]
[WhiteElo "1888"]
[BlackElo "1995"]
[PlyCount "94"]
[EventDate "2009.11.28"]
[EventType "swiss"]
[EventRounds "10"]
[EventCountry "ESP"]
[Source "lmi"]
[SourceDate "2009.11.28"]

1. e4 c5 2. Nf3 e6 3. d4 cxd4 4. Nxd4 a6 5. a3 Qc7 6. Nc3 Nc6 7. Be3 Nf6 8. Be2
Be7 9. Qd2 d6 10. O-O Bd7 11. Nb3 O-O 12. f4 b5 13. Bf3 Rac8 14. Rad1 b4 15.
axb4 Nxb4 16. Qf2 Bc6 17. Bb6 Qb8 18. Ba5 Bd8 19. Kh1 Bxa5 20. Nxa5 Bb5 21.
Rfe1 Qc7 22. Nb3 Bc6 23. Rd4 a5 24. Red1 e5 25. Rxd6 exf4 26. e5 Bxf3 27. gxf3
Ne8 28. Nd5 Nxd5 29. R6xd5 Qxc2 30. Qxc2 Rxc2 31. R1d2 Rxd2 32. Rxd2 Nc7 33.
Nxa5 g5 34. Nc6 Re8 35. Kg2 Re6 36. Rd6 Nb5 37. Rxe6 fxe6 38. Kf2 Kf8 39. Ke2
Ke8 40. Kd3 Kd7 41. Na5 Na7 42. Ke4 Nc6 43. Nc4 Ke7 44. h4 h6 45. hxg5 hxg5 46.
Nd2 Kf7 47. Nc4 Ke7 1/2-1/2

[Event "8. Open Bali sub-2000"]
[Site "Benidorm ESP"]
[Date "2009.11.29"]
[Round "2.8"]
[White "Arroyo Rodriguez, Jesus"]
[Black "Arnot, Bob"]
[Result "1-0"]
[WhiteElo "1994"]
[BlackElo "1885"]
[PlyCount "69"]
[EventDate "2009.11.28"]
[EventType "swiss"]
[EventRounds "10"]
[EventCountry "ESP"]
[Source "lmi"]
[SourceDate "2009.11.28"]

1. e4 d5 2. exd5 Nf6 3. d4 Bg4 4. Nf3 Qxd5 5. Nc3 Qh5 6. Bf4 Bxf3 7. gxf3 c6 8.
Bc4 e6 9. Qe2 Bb4 10. O-O O-O 11. Kh1 Kh8 12. Rg1 h6 13. Bd3 Nbd7 14. a3 Be7
15. Rg3 Rg8 16. Qf1 Qh4 17. Be3 Nd5 18. Rh3 Nxe3 19. fxe3 Qg5 20. f4 Qa5 21.
Qf3 f5 22. Rg1 Nf6 23. e4 Bf8 24. e5 Nd5 25. Ne4 fxe4 26. Qxe4 Nf6 27. exf6 Qd5
28. f7 Bd6 29. fxg8=Q+ Rxg8 30. Qxd5 exd5 31. f5 Rf8 32. Re3 c5 33. Re6 Rd8 34.
Rge1 c4 35. Re8+ 1-0

[Event "8. Open Bali sub-2000"]
[Site "Benidorm ESP"]
[Date "2009.11.29"]
[Round "2.9"]
[White "Salgado Gonzalez, Julio"]
[Black "Patino Andreu, Ramon"]
[Result "0-1"]
[WhiteElo "1885"]
[BlackElo "1992"]
[PlyCount "61"]
[EventDate "2009.11.28"]
[EventType "swiss"]
[EventRounds "10"]
[EventCountry "ESP"]
[Source "lmi"]
[SourceDate "2009.11.28"]

1. d4 Nf6 2. Bf4 d5 3. e3 e6 4. Bd3 Be7 5. Nd2 Nbd7 6. Ngf3 c5 7. a3 O-O 8. Ne5
Nxe5 9. dxe5 Nd7 10. g4 f6 11. exf6 Bxf6 12. g5 Be5 13. Qh5 g6 14. Qh4 Bxf4 15.
exf4 Qc7 16. Bxg6 hxg6 17. Qh6 Nb6 18. Qxg6+ Qg7 19. Qxg7+ Kxg7 20. O-O-O Rxf4
21. f3 Rh4 22. Nb3 Na4 23. Rdf1 Bd7 24. Rf2 Rf8 25. Kd1 Kg6 26. Rg2 Rf5 27. Rg3
Rxg5 28. f4 Rxg3 29. hxg3 Rxh1+ 30. Ke2 Bb5+ 31. Ke3 0-1

[Event "8. Open Bali sub-2000"]
[Site "Benidorm ESP"]
[Date "2009.11.29"]
[Round "2.10"]
[White "Cabrera Rodrigo, Francisco"]
[Black "Rubio Trigueros, Jose Luis"]
[Result "0-1"]
[WhiteElo "1991"]
[BlackElo "1883"]
[PlyCount "56"]
[EventDate "2009.11.28"]
[EventType "swiss"]
[EventRounds "10"]
[EventCountry "ESP"]
[Source "lmi"]
[SourceDate "2009.11.28"]

1. d4 f5 2. c3 Nf6 3. Bf4 g6 4. Nd2 Bg7 5. Ngf3 Nc6 6. e3 O-O 7. Bc4+ d5 8. Bb3
Ne4 9. Qc2 e6 10. h4 Bd7 11. c4 Nb4 12. Qb1 Nxd2 13. Nxd2 dxc4 14. Bxc4 Rc8 15.
Nf3 Nd5 16. Bg3 Qe7 17. O-O Kh8 18. Ne5 Nf6 19. f3 Nh5 20. Bh2 c5 21. Qd3 cxd4
22. Qxd4 Rfd8 23. Rad1 Be8 24. Qxa7 f4 25. Qa5 b6 26. Qxb6 Bxe5 27. Rxd8 Rxd8
28. exf4 Bd4+ 0-1

[Event "8. Open Bali sub-2000"]
[Site "Benidorm ESP"]
[Date "2009.11.29"]
[Round "2.11"]
[White "Moragrega Herrero, Juan Jose"]
[Black "Vazquez Abad, Juan Carlos"]
[Result "1-0"]
[WhiteElo "1990"]
[BlackElo "1878"]
[PlyCount "149"]
[EventDate "2009.11.28"]
[EventType "swiss"]
[EventRounds "10"]
[EventCountry "ESP"]
[Source "lmi"]
[SourceDate "2009.11.28"]

1. d4 d5 2. c4 e6 3. Nc3 Nf6 4. Nf3 Be7 5. Bf4 O-O 6. e3 c6 7. c5 Nbd7 8. h3
Qa5 9. Bd3 b6 10. cxb6 axb6 11. O-O Ba6 12. a3 Bxd3 13. Qxd3 c5 14. Ne5 Nxe5
15. Bxe5 c4 16. Qc2 Nd7 17. Bg3 f5 18. a4 Nb8 19. Nb5 Na6 20. Rfb1 Rfc8 21. Qd1
g6 22. f3 Nb4 23. Nc7 Ra7 24. Nb5 Raa8 25. Be1 Qa6 26. Bc3 Qb7 27. Qd2 Nc6 28.
b3 Na5 29. Bxa5 bxa5 30. bxc4 Bb4 31. Rxb4 axb4 32. Nd6 Qb6 33. c5 Qa5 34. Nxc8
Rxc8 35. Qd3 Rb8 36. Qb3 Qa6 37. Rc1 Qc6 38. f4 Kf7 39. Kf2 Rb7 40. Rc2 Rb8 41.
a5 Qb5 42. Ra2 Qc4 43. Rb2 Ke7 44. Qd1 b3 45. a6 Qxa6 46. Qd2 Qb5 47. Qc3 Kf6
48. g4 fxg4 49. hxg4 h6 50. c6 Qc4 51. Qa5 Qc1 52. Qd2 Qc4 53. Qa5 Qc1 54. Qa3
Qxc6 55. Kf3 Qb5 56. Qa7 Qb7 57. Qa3 h5 58. Qd6 hxg4+ 59. Kxg4 Rg8 60. Qe5+ Kf7
61. Rh2 Rg7 62. Rb2 Rh7 63. Qd6 Rh8 64. Qa3 Qd7 65. Kg3 e5 66. Rg2 Qh3+ 67. Kf2
Qh4+ 68. Ke2 Qh1 69. Qa7+ Kf8 70. Qb8+ Kf7 71. Qc7+ Kf8 72. Qd6+ Ke8 73. Qxe5+
Kd7 74. Qg7+ Kc8 75. Qxg6 1-0

[Event "8. Open Bali sub-2000"]
[Site "Benidorm ESP"]
[Date "2009.11.29"]
[Round "2.12"]
[White "Ferrandiz Iserte, Albert"]
[Black "Arrasate Bedialauneta, Lander"]
[Result "1/2-1/2"]
[WhiteElo "1990"]
[BlackElo "1869"]
[PlyCount "53"]
[EventDate "2009.11.28"]
[EventType "swiss"]
[EventRounds "10"]
[EventCountry "ESP"]
[Source "lmi"]
[SourceDate "2009.11.28"]

1. e4 e6 2. d4 d5 3. Nd2 Nf6 4. e5 Nfd7 5. Bd3 c5 6. c3 Nc6 7. Ndf3 Be7 8. Ne2
O-O 9. O-O cxd4 10. cxd4 f6 11. exf6 Bxf6 12. Bf4 e5 13. dxe5 Ndxe5 14. Nxe5
Nxe5 15. Bxe5 Bxe5 16. Qb3 Kh8 17. Rad1 b6 18. Nc3 Bb7 19. Be4 Bxh2+ 20. Kxh2
Qh4+ 21. Kg1 dxe4 22. Rd4 Rae8 23. Qc2 Qf6 24. Rd7 Ba6 25. Re1 Bd3 26. Qd2 a6
27. Re3 1/2-1/2

[Event "8. Open Bali sub-2000"]
[Site "Benidorm ESP"]
[Date "2009.11.29"]
[Round "2.13"]
[White "Maza Broto, Pablo"]
[Black "Moya Pol, Antonio"]
[Result "1-0"]
[WhiteElo "1990"]
[BlackElo "1865"]
[PlyCount "105"]
[EventDate "2009.11.28"]
[EventType "swiss"]
[EventRounds "10"]
[EventCountry "ESP"]
[Source "lmi"]
[SourceDate "2009.11.28"]

1. d4 Nf6 2. Bg5 d6 3. Nc3 Nbd7 4. e4 e5 5. Nf3 c6 6. a4 h6 7. Bh4 Be7 8. Bc4
O-O 9. dxe5 dxe5 10. Bg3 Qc7 11. h3 Bb4 12. O-O Bxc3 13. bxc3 Nxe4 14. Bh2 Re8
15. Qd3 Ndf6 16. Nxe5 Rxe5 17. Bxe5 Qxe5 18. Qd8+ Qe8 19. Qxe8+ Nxe8 20. Rfe1
N8f6 21. Re3 Bf5 22. g4 Bg6 23. f4 Nd6 24. Bb3 Nd5 25. Bxd5 cxd5 26. f5 Bh7 27.
Rd1 Nc4 28. Re7 Rd8 29. Rxb7 a5 30. Rxd5 Re8 31. Rdd7 Kh8 32. Rbc7 Ne5 33. Re7
Rxe7 34. Rxe7 f6 35. Ra7 Nc4 36. Kf2 Bg8 37. Rd7 Nb6 38. Rd8 Kh7 39. Rb8 Nxa4
40. Ra8 Nxc3 41. Rxa5 Ne4+ 42. Ke3 Ng5 43. h4 Nf7 44. Kf4 Ne5 45. g5 Nc4 46.
g6+ Kh8 47. Ra8 h5 48. Rc8 Ne5 49. Ke4 Ng4 50. c4 Nf2+ 51. Kd4 Nd1 52. c5 Ne3
53. Rxg8+ 1-0

[Event "8. Open Bali sub-2000"]
[Site "Benidorm ESP"]
[Date "2009.11.29"]
[Round "2.14"]
[White "Vidal Rubiella, Salvador"]
[Black "Sanchez Lopez, Diego"]
[Result "0-1"]
[WhiteElo "1885"]
[BlackElo "1990"]
[PlyCount "54"]
[EventDate "2009.11.28"]
[EventType "swiss"]
[EventRounds "10"]
[EventCountry "ESP"]
[Source "lmi"]
[SourceDate "2009.11.28"]

1. Nf3 d5 2. c4 e6 3. g3 c6 4. Bg2 f5 5. O-O Nf6 6. d3 Be7 7. Nbd2 O-O 8. Ne5
Nbd7 9. Ndf3 Qe8 10. Bd2 Qh5 11. Nxd7 Bxd7 12. Qb3 Bd6 13. e3 Kh8 14. Bc3 Rab8
15. Be5 Bxe5 16. Nxe5 Ng4 17. Nf3 b5 18. Qc3 bxc4 19. dxc4 Rb7 20. h3 Nf6 21.
b3 Qh6 22. Qd4 g5 23. Ne5 Qg7 24. f4 gxf4 25. Qxf4 Nh5 26. Qd4 Nxg3 27. Ng6+
hxg6 0-1

[Event "8. Open Bali sub-2000"]
[Site "Benidorm ESP"]
[Date "2009.11.29"]
[Round "2.15"]
[White "Palomino Menendez, Salvador"]
[Black "Herrero Ferrando, Salvador"]
[Result "0-1"]
[WhiteElo "1989"]
[BlackElo "1863"]
[PlyCount "117"]
[EventDate "2009.11.28"]
[EventType "swiss"]
[EventRounds "10"]
[EventCountry "ESP"]
[Source "lmi"]
[SourceDate "2009.11.28"]

1. e4 c5 2. d3 Nc6 3. Nf3 e6 4. Nbd2 d5 5. g3 Nf6 6. Bg2 dxe4 7. dxe4 Qc7 8.
O-O Be7 9. Re1 e5 10. c3 O-O 11. h3 Re8 12. Qe2 b6 13. Nf1 a5 14. Ne3 Ba6 15.
Qc2 Rad8 16. Rd1 Rxd1+ 17. Nxd1 Qd7 18. Ne1 c4 19. Ne3 Bc5 20. Nf5 h6 21. Qe2
Rd8 22. Bf3 Qe6 23. g4 Ne7 24. Nxe7+ Bxe7 25. Be3 Bb7 26. Qc2 Qc6 27. Kf1 Bc5
28. Bxc5 Qxc5 29. Ng2 Rd3 30. Qe2 Qd6 31. Ne1 Rd2 32. Qxc4 b5 33. Qb3 Qc5 34.
Nd3 Rxd3 35. Kg2 Rd2 36. Rf1 Bxe4 37. Qa3 Qxa3 38. bxa3 Bxf3+ 39. Kxf3 Rd3+ 40.
Kg2 Rxc3 41. Rb1 Rxa3 42. Rxb5 e4 43. Rb2 Nd5 44. h4 e3 45. Rb8+ Kh7 46. fxe3
Nxe3+ 47. Kf3 Nd5+ 48. Ke4 Nf6+ 49. Kf4 Ra4+ 50. Kf5 Rxg4 51. Ra8 Rxh4 52. Ra7
Rh5+ 53. Kf4 Kg6 54. Ra6 Rc5 55. Ra8 h5 56. Kg3 Rc3+ 57. Kh4 Ra3 58. Ra6 Rxa2
59. Ra7 0-1

[Event "8. Open Bali sub-2000"]
[Site "Benidorm ESP"]
[Date "2009.11.29"]
[Round "2.17"]
[White "Ayza Casamitjana, Antoni"]
[Black "Lopez Forn, Marc"]
[Result "1/2-1/2"]
[WhiteElo "1880"]
[BlackElo "1987"]
[PlyCount "61"]
[EventDate "2009.11.28"]
[EventType "swiss"]
[EventRounds "10"]
[EventCountry "ESP"]
[Source "lmi"]
[SourceDate "2009.11.28"]

1. e4 c5 2. a3 e5 3. Nf3 Nc6 4. Bc4 d6 5. c3 Na5 6. Bb5+ Bd7 7. Bxd7+ Qxd7 8.
d3 Nf6 9. O-O Be7 10. b4 cxb4 11. cxb4 Nc6 12. Be3 O-O 13. Qb3 b5 14. Nbd2 d5
15. Bg5 dxe4 16. dxe4 h6 17. Be3 Ng4 18. Qd5 Qb7 19. Qd3 Rfd8 20. Qe2 Rd7 21.
Nb3 Nxe3 22. Qxe3 Rad8 23. Nc5 Bxc5 24. Qxc5 f6 25. h3 Ne7 26. Ra2 a6 27. a4
Qxe4 28. Qe3 Rd1 29. Rxd1 Rxd1+ 30. Kh2 Qxe3 31. fxe3 1/2-1/2

[Event "8. Open Bali sub-2000"]
[Site "Benidorm ESP"]
[Date "2009.11.29"]
[Round "2.18"]
[White "Fuset Torralba, Jose Luis"]
[Black "Panican, Gheorghe"]
[Result "1-0"]
[WhiteElo "1873"]
[BlackElo "1986"]
[PlyCount "83"]
[EventDate "2009.11.28"]
[EventType "swiss"]
[EventRounds "10"]
[EventCountry "ESP"]
[Source "lmi"]
[SourceDate "2009.11.28"]

1. e4 c5 2. Nf3 d6 3. d4 cxd4 4. Nxd4 Nf6 5. Nc3 a6 6. Be3 e5 7. Nb3 Be7 8. f3
Be6 9. g4 h6 10. Qd2 Nbd7 11. O-O-O Qc7 12. Kb1 O-O-O 13. Nd5 Bxd5 14. exd5 Nb6
15. c4 Kb8 16. Rc1 Nfd7 17. Be2 Na4 18. Rhd1 b6 19. Qb4 Nac5 20. Na5 Ka8 21.
Nc6 Rde8 22. Qa3 a5 23. b4 Nb7 24. Qa4 Nb8 25. Qb5 Nxc6 26. dxc6 Nd8 27. Bxb6
Qxc6 28. Qxa5+ Kb8 29. Qa7+ Kc8 30. c5 d5 31. Ba6+ Nb7 32. Qa8+ Kd7 33. Qxb7+
Qxb7 34. Bxb7 d4 35. c6+ Ke6 36. c7 Rc8 37. b5 f6 38. Ba5 f5 39. b6 fxg4 40.
fxg4 Bd6 41. Bxc8+ Rxc8 42. b7 1-0

[Event "8. Open Bali sub-2000"]
[Site "Benidorm ESP"]
[Date "2009.11.29"]
[Round "2.19"]
[White "Gomez Manzano, Francisco Carlos"]
[Black "Garcia Lopez, Juan Antonio"]
[Result "1/2-1/2"]
[WhiteElo "1872"]
[BlackElo "1984"]
[PlyCount "51"]
[EventDate "2009.11.28"]
[EventType "swiss"]
[EventRounds "10"]
[EventCountry "ESP"]
[Source "lmi"]
[SourceDate "2009.11.28"]

1. e4 c5 2. Nf3 Nc6 3. d4 cxd4 4. Nxd4 g6 5. Be2 Bg7 6. Be3 Nf6 7. Nc3 d6 8. a3
O-O 9. O-O Bd7 10. f4 Rc8 11. Kh1 a6 12. Rc1 Re8 13. f5 Ne5 14. fxg6 hxg6 15.
Bd3 Neg4 16. Bg1 Bh6 17. Rb1 Nh5 18. Be2 Nhf6 19. Qd3 Qa5 20. Qg3 Nh5 21. Qe1
Bf4 22. Nd5 Bd2 23. Qh4 Ngf6 24. Bxh5 Nxd5 25. Nb3 Qa4 26. Nxd2 1/2-1/2

[Event "8. Open Bali sub-2000"]
[Site "Benidorm ESP"]
[Date "2009.11.29"]
[Round "2.20"]
[White "Gomez Latorre, Julian"]
[Black "Rubio Tello, Abel"]
[Result "0-1"]
[WhiteElo "1980"]
[BlackElo "1862"]
[PlyCount "78"]
[EventDate "2009.11.28"]
[EventType "swiss"]
[EventRounds "10"]
[EventCountry "ESP"]
[Source "lmi"]
[SourceDate "2009.11.28"]

1. e4 e6 2. d4 d5 3. e5 c5 4. c3 Bd7 5. a3 Qb6 6. b4 cxd4 7. cxd4 Bb5 8. Bxb5+
Qxb5 9. Ne2 Nc6 10. O-O a5 11. Nbc3 Qc4 12. b5 Na7 13. a4 Bb4 14. Bb2 Qc7 15.
Rc1 Qd7 16. Nf4 Ne7 17. Nd3 Bxc3 18. Rxc3 b6 19. Ba3 O-O 20. Qd2 Rfc8 21. Rfc1
Nf5 22. Nb2 h5 23. Nd1 Rxc3 24. Rxc3 Rc8 25. Ne3 Nxe3 26. Qxe3 Rc4 27. Rxc4
dxc4 28. g3 Nxb5 29. axb5 Qxb5 30. Qe4 Qd5 31. Qe3 b5 32. Be7 b4 33. h3 c3 34.
Kh2 c2 35. Qd2 Qc4 36. Bg5 a4 37. Qc1 a3 38. Be3 Qc3 39. Bd2 Qb2 0-1

[Event "8. Open Bali sub-2000"]
[Site "Benidorm ESP"]
[Date "2009.11.31"]
[Round "3.1"]
[White "Hoffmann, Roger"]
[Black "Macdonald, Paul H"]
[Result "1-0"]
[WhiteElo "1998"]
[BlackElo "1949"]
[PlyCount "161"]
[EventDate "2009.11.28"]
[EventType "swiss"]
[EventRounds "10"]
[EventCountry "ESP"]
[Source "lmi"]
[SourceDate "2009.11.28"]

1. d4 d5 2. c4 c6 3. e3 Bf5 4. Nf3 e6 5. Qb3 Qb6 6. Nbd2 Nf6 7. c5 Qc7 8. Qc3
Nbd7 9. b4 b6 10. Bb2 a5 11. a3 axb4 12. axb4 Rxa1+ 13. Bxa1 bxc5 14. dxc5 Ne4
15. Nxe4 Bxe4 16. Qa3 Qb7 17. Nd2 Bg6 18. Nb3 f6 19. Na5 Qa8 20. Qa4 Nb8 21.
Be2 Be7 22. O-O O-O 23. Bc3 e5 24. Ra1 Rd8 25. Qa2 Kh8 26. Qb2 Rd7 27. f4 exf4
28. exf4 Be4 29. Bg4 Ra7 30. Be6 Bd8 31. f5 Na6 32. Nb3 Nb8 33. Nd4 Rxa1+ 34.
Qxa1 Qxa1+ 35. Bxa1 g6 36. g4 gxf5 37. Nxf5 Na6 38. Nd6 Bg6 39. Bc3 Be7 40. Bd7
Nb8 41. Bc8 h5 42. g5 Kg7 43. Bd4 Bd8 44. Kf2 Be7 45. Ke3 Bd8 46. Kd2 Be7 47.
h4 Bd8 48. Kc3 Bf7 49. Kb3 Kg6 50. Bf5+ Kg7 51. Bc8 Kg6 52. Bf5+ Kg7 53. Kc3
Na6 54. Bd7 Nb8 55. Be8 Bg6 56. b5 cxb5 57. Bxb5 Be7 58. gxf6+ Bxf6 59. c6
Bxd4+ 60. Kxd4 Nxc6+ 61. Bxc6 Kf6 62. Bxd5 Bf5 63. Nc4 Be6 64. Ne3 Bd7 65. Ke4
Be8 66. Kf4 Bg6 67. Bf3 Bf7 68. Be4 Be6 69. Nf1 Bg4 70. Ng3 Bd1 71. Bf3 Bc2 72.
Bxh5 Kg7 73. Kg5 Bd3 74. Bf3 Bc2 75. Be4 Bd1 76. Nf5+ Kh8 77. Kh6 Bg4 78. Nd4
Bh3 79. Nc6 Bd7 80. Ne5 Be8 81. Bd5 1-0

[Event "8. Open Bali sub-2000"]
[Site "Benidorm ESP"]
[Date "2009.11.30"]
[Round "3.3"]
[White "Garrido Fernandez, Javier"]
[Black "Radu, Andrei"]
[Result "0-1"]
[WhiteElo "1996"]
[BlackElo "1940"]
[PlyCount "86"]
[EventDate "2009.11.28"]
[EventType "swiss"]
[EventRounds "10"]
[EventCountry "ESP"]
[Source "lmi"]
[SourceDate "2009.11.28"]

1. e4 c5 2. Nf3 e6 3. d4 cxd4 4. Nxd4 Nf6 5. Nc3 d6 6. Bg5 a6 7. f4 Be7 8. Qf3
Qc7 9. O-O-O Nc6 10. Nxc6 bxc6 11. Bd3 Rb8 12. Rhe1 e5 13. Bc4 Bg4 14. Qd3 Bxd1
15. Rxd1 Rd8 16. Qe2 O-O 17. g4 h6 18. Bxf6 Bxf6 19. f5 a5 20. Qf2 Rd7 21. h4
Rb8 22. Qg3 Qd8 23. Rh1 a4 24. Nxa4 Rb4 25. b3 d5 26. Bd3 dxe4 27. Bc4 Rxa4 28.
bxa4 Bxh4 29. Qg2 Bg5+ 30. Kb2 Rb7+ 31. Bb3 Qd4+ 32. Kb1 c5 33. Qe2 c4 34. Rd1
Qc3 35. Qxe4 cxb3 36. axb3 Rxb3+ 37. cxb3 Qxb3+ 38. Ka1 Qxd1+ 39. Kb2 Qd4+ 40.
Qxd4 exd4 41. Kc2 Bd8 42. Kd3 Bb6 43. a5 Ba7 0-1

[Event "8. Open Bali sub-2000"]
[Site "Benidorm ESP"]
[Date "2009.11.30"]
[Round "3.4"]
[White "Borja Perez, Jose"]
[Black "Woods, Connor"]
[Result "1/2-1/2"]
[WhiteElo "1949"]
[BlackElo "1996"]
[PlyCount "40"]
[EventDate "2009.11.28"]
[EventType "swiss"]
[EventRounds "10"]
[EventCountry "ESP"]
[Source "lmi"]
[SourceDate "2009.11.28"]

1. d4 Nf6 2. Nf3 c5 3. e3 g6 4. c4 cxd4 5. exd4 Bg7 6. Nc3 O-O 7. h3 d5 8. Be3
Nc6 9. Be2 dxc4 10. Bxc4 Qa5 11. O-O Bf5 12. a3 Rac8 13. b4 Nxb4 14. axb4 Qxb4
15. Nd5 Nxd5 16. Bxd5 Rfd8 17. Ra4 Qb5 18. Bb3 Rc3 19. Bxf7+ Kxf7 20. Rxa7 Rdc8
1/2-1/2

[Event "8. Open Bali sub-2000"]
[Site "Benidorm ESP"]
[Date "2009.11.30"]
[Round "3.5"]
[White "Sanz Garcia, Roberto"]
[Black "Arroyo Rodriguez, Jesus"]
[Result "1/2-1/2"]
[WhiteElo "1944"]
[BlackElo "1994"]
[PlyCount "113"]
[EventDate "2009.11.28"]
[EventType "swiss"]
[EventRounds "10"]
[EventCountry "ESP"]
[Source "lmi"]
[SourceDate "2009.11.28"]

1. e4 e5 2. Nf3 Nc6 3. Bc4 Bc5 4. c3 Nf6 5. b4 Bb6 6. Qb3 O-O 7. d3 h6 8. a4 a6
9. h3 d6 10. Be3 Bxe3 11. fxe3 Qe7 12. Nbd2 Be6 13. g4 Nh7 14. Bxe6 Qxe6 15.
Qxe6 fxe6 16. g5 Nxg5 17. Nxg5 hxg5 18. Rg1 Rf6 19. Rxg5 Raf8 20. O-O-O Ne7 21.
Rdg1 g6 22. R1g2 Kf7 23. Kd1 Rh8 24. R5g3 b5 25. a5 Rc8 26. d4 exd4 27. exd4
Rf4 28. Nf3 Ke8 29. Kd2 Rxe4 30. Ng5 Rf4 31. Nxe6 Rf6 32. Re2 Kd7 33. Ng5 Nd5
34. Ne4 Re6 35. Rf3 Rce8 36. Ng3 R8e7 37. Rxe6 Rxe6 38. Ne2 Ke7 39. Kd3 Rf6 40.
Rxf6 Kxf6 41. Ke4 c6 42. h4 Ne7 43. Ng3 Nd5 44. Ne2 Ne7 45. Ng3 Nd5 46. Ne2 g5
47. h5 g4 48. h6 Kg6 49. Nf4+ Nxf4 50. Kxf4 Kxh6 51. Kxg4 Kg6 52. Kf4 Kf6 53.
Kg4 Ke6 54. Kf4 Kf6 55. Ke4 Ke6 56. d5+ cxd5+ 57. Kd4 1/2-1/2